000 00430nam a2200169Ia 4500
008 230711s9999||||xx |||||||||||||| ||und||
020 _a978-1-935677-22-2
041 _aENG
082 _a722.44
_bUI-T
100 _aPrakash,Vikramaditya
245 4 _aThe Architecture of shivdatt sharma
250 _a1st Ed.
260 _c2012
_aAhemdabad
_bMapin Publishing Pvt.Ltd
300 _a175p.
650 _aArchitecture
942 _cBK
999 _c5845
_d5845